000 00835cam a2200325 i 4500
001 122543
005 20230410142347.0
008 160629s1997 sp r 001 0 spa d
020 _a9788432307331
020 _a8432307335
041 0 _aspa
050 1 4 _aBX 880
_bP977f 1997
082 0 0 _a234.2
100 1 _aPuente Ojea, Gonzalo.
245 1 0 _aFé cristiana, iglesia, poder /
_cGonzalo Puente Ojea
250 _a3a ed.
260 _aMadrid :
_bSiglo ventiuno de España editores,
_c1997
300 _axix, 341 p. ;
_c21 cm.
440 0 _aTeoría
500 _aIncluye índice
610 2 0 _aCatholic Church.
650 0 _aBelief and doubt.
650 0 _aFaith.
610 2 4 _aIglesia Católica.
650 4 _aFe.
650 4 _aCreencia y duda.
650 4 _aCristianismo.
942 _2lcc
_cbk
946 _aJaaM
999 _c94263
_d94263